| 000 | 01133nam a2200325 c 4500 | ||
|---|---|---|---|
| 003 | BLK | ||
| 005 | 20180420223232.0 | ||
| 008 | 180408b bul|||||r ||||||| ||bul|| | ||
| 010 | _aKNG00068061000 | ||
| 020 |
_a5-88590-036-1 _bиздат.: Русич |
||
| 040 | _aBLK | ||
| 041 |
_aRUS _cRUS |
||
| 080 |
_aАмериканска литература (на САЩ) _b821.111(73) _x-312.9 _z821.111(73)-312.9 |
||
| 100 | 1 |
_aКэри, Диана _eпърви автор _986715 |
|
| 139 |
_aКэри, Диана _bК 52 |
||
| 245 | 1 | 0 |
_aПоследняя граница _bРоман _cДиана Кэри. |
| 257 | _aRUS | ||
| 260 |
_аСмоленск _bРусич _c1996 _fМинск : Белорус. Дом печати |
||
| 300 |
_a448 с. _c21 см |
||
| 380 | _aX | ||
| 490 | 1 | _aStar Trek = Звездный путь | |
| 500 | _aОриг. загл. : Final Frontier. - 15 000 тир. | ||
| 653 | _aфантастика | ||
| 653 | _aромани | ||
| 852 | _aЦб 168580 | ||
| 856 | 4 |
_qpdf _u |
|
| 856 | 4 |
_qpdf _u |
|
| 942 |
_cKNG _n0 |
||
| 944 |
_aCR _c12.09.2011 _lф / _kЛюдмила_Стоянова |
||
| 944 |
_aED _c28.10.2011 _lф / _k |
||
| 999 |
_c63802 _d63802 |
||